| 000 | 01409nam0a2200325 4500 | ||
|---|---|---|---|
| 001 | RU\NLR\bibl\520479 | ||
| 005 | 20260405162958.0 | ||
| 010 |
_a5-7103-0975-3 _9200 |
||
| 021 |
_aRU _b2004-18997 _9968 |
||
| 035 | _a(NLR Aleph) 000512883 | ||
| 090 |
_a1244421 _c1244421 |
||
| 100 | _a20021016g2004 |||y0rusy50 ca | ||
| 101 | 0 | _arus | |
| 102 | _aRU | ||
| 105 | _aa ||||||||| | ||
| 200 | 1 |
_aОрганизационные, философские и технические проблемы современных машиностроительных производств _eСб. материалов III Всерос. науч.-практ. конф. _f[Редкол.:А.П. Фомин, А.А. Гагаев (отв. редакторы) и др.] |
|
| 210 |
_aСаранск _cИзд-во Мордов. ун-та _d2004 |
||
| 215 |
_a316 с. _cил. _d20 |
||
| 313 | _aПо 2й конф-и | ||
| 320 | _aБиблиогр. в конце докл. | ||
| 606 | 0 |
_aМашиностроение _jСъезды, совещания и т.п. _91221571 _3RU\NLR\auth\66178864 |
|
| 686 | _aК4я431 | ||
| 702 | 1 |
_4340 _7ca _8rus _aФомин _bА. П. _cканд. экон. наук _gАлександр Павлович _952128 _3RU\NLR\auth\7769200 |
|
| 801 | 0 |
_aRU _bNLR _c20040517 _gPSBO |
|
| 801 | 1 |
_aRU _bNLR _c20040517 |
|
| 830 | _aРед. по базе | ||
| 942 | _cBOOK | ||
| 980 | _aNB | ||
| 980 | _aNBR | ||